000 00578nam a2200217Ia 4500
003 OSt
005 20220928111210.0
006 a|||||r|||| 00| 0
007 ta
008 220927b |||||||| |||| 00| 0 eng d
024 _a24663
037 _cReference Collections
040 _aSDCL
_cSDCL
_beng
041 _2eng
_aeng
082 _az2jM87, K7
245 0 _aKAVIRAJ-ABHINANDAN granth.
260 _aLukhnow
_bAkhil Bhartiya Sanskrit Parishad
_c1967
300 _a660p
_ccm.
942 _hz2jM87, K7
_cREF
_2CC
999 _c738854
_d738854